| 000 | 00773nam a2200229 a 4500 | ||
|---|---|---|---|
| 001 | BRCA_1558 | ||
| 005 | 20190320203453.0 | ||
| 008 | 860212s1984 mx-a---##b---#000-0bspa-# | ||
| 020 | _a9686658025 | ||
| 040 |
_aDLC _cDLC _dDLC |
||
| 050 | 4 |
_aN6559.O3 _b.P33 1984 |
|
| 245 | 1 | 0 |
_aPablo O´Higgins _ctextos Elena Poniatowska, Gilberto Bosques. |
| 260 |
_aMéxico _bFondo Editorial de la Plástica Mexicana _c1984 |
||
| 300 |
_a166 p. _bil. (algunas a color) _c35 cm. _eRetratos |
||
| 500 | _aIncluye cronología | ||
| 504 | _aBibliografía: p. 163-166 | ||
| 600 | 1 | 4 |
_aO´Higgins, Pablo _d1904- _xCrítica e interpretación _94995 |
| 650 | 1 | 4 |
_aArtistas _vBiografía _zMéxico _93612 |
| 700 | 1 |
_aPoniatowska, Elena _94996 |
|
| 700 | 1 |
_aBosques, Gilberto _94997 |
|
| 942 |
_2lcc _cB |
||
| 999 |
_c1396 _d1396 |
||